00467nam a22001577a 450000500170000000800410001702000180005804100130007608200140008910000240010324500590012725000190018626000470020530000320025265000250028420231116072209.0231116b |||||||| |||| 00| 0 eng d a9780702185007 aEnglish  a344.1 GRO aGrogan, JlEnglish  aLabour Litigation and Dispute Resolution / cJ Grogan  aFirst Edition  aCape Town : bJuta and Company Ltd, c2010 bxxxiv, 416 pages ; c25 cm. aLegal practice bLaw